Campeões Brasileiros - Statistics

Estatísticas Gerais
  • Esse quiz foi jogado 134 vezes
  • A pontuação média é 14 de 17
Answers on the Grid
Answers color-coded by a green-red scale on the quiz's grid according to % correct below.
Palmeiras
Corinthians
São Paulo
Santos
Guarani
Ponte Preta
Bahia
Vitória
Atlético Mineiro
Athletico Paranaense
Cruzeiro
Coritiba
Flamengo
Fluminense
Botafogo
Vasco
Bangu
Paraná
Goiás
Sport
America
Bragantino
Grêmio
Internacional
Juventude
 
Estatísticas das Respostas
Resposta % Correto
Fluminense
91%
Vasco
91%
Cruzeiro
90%
Flamengo
90%
Atlético Mineiro
89%
Santos
89%
Corinthians
87%
Grêmio
87%
Palmeiras
87%
São Paulo
86%
Botafogo
84%
Bahia
79%
Internacional
79%
Athletico Paranaense
74%
Sport
73%
Guarani
66%
Coritiba
60%
Nenhum quiz correspondente encontrado
Distribuição das Pontuações
Porcentagem de Pessoas com Cada Pontuação
Percentil de Números Respondidos
Sua Pontuação Histórica
Você não jogou esse quiz